000 00559nam a22001937a 4500
003 OSt
005 20140310181730.0
008 130311t xxu||||| |||| 00| 0 eng d
020 _a9789810164089
050 _aPN 4784
_b.Ar662 2007
082 _aIB 909.82
_bAr1 2007
245 _aCrisis and conflict :
_ban enquiry approach to modern world history /
_cR. Arasumani
260 _bMarshall Cavendish Education,
_c2007.
_aSingapore :
300 _av, 258 p. ;
_c27 cm.
521 _aIB students
541 _j1
562 _e1
942 _2lcc
_cIB
_kIB
999 _c2362
_d2362